LEADER 01093nam a2200289 a 4500 001 000000129524 003 CaOOAMICUS 005 20120705103432.0 008 120705s2012 it u000 u ita u 020 $a978-88-244-3435-5 040 $aPUL$bita 082 04$a340 245 00$aCompendio di organizzazione internazionale. 250 $a5. ed. 260 $aNapoli :$bEdizioni Giuridiche Simone,$c2012. 300 $a334 p. ;$c21 cm. 500 $aSulla cop.: 46/1. 500 $aInclude indice. 650 4$aOrganizzazioni internazionali.$0(OLS)http://pul/subject/7412 850 $aPUL 852 $aPUL$W1$xDP2 Diritto e Scienze Sociali 3$y110$m340 COLL 3.46.1$j150016$qDDC 21$B148537$CPULBib$Z2$F148537 $H120263 $82 941 1 $a9 996 $6020$a978-88-244-3435-5$9(OLS)http://pul/number/150169 996 $6082$a340$9(OLS)http://pul/classification/419 996 $6245$aCompendio di organizzazione internazionale$9(OLS)http://pul/title/163694 996 $6260$aNapoli :$bEdizioni Giuridiche Simone$9(OLS)http://pul/publisher/69730 LEADER 00770naa a2200193 u 4500 001 000000101623 003 CaOOAMICUS 005 20070226130207.0 008 051216s2004 it u000 u ger u 035 $a11073029 040 $aIAR$bita 100 1 $aStuder, Basil,$cO.S.B.,$d1925-$0(OLS)http://pul/name/10073 245 10$aGeschichte und Glaube bei Origines und Augustinus /$cBasil Studer. 260 $aBologna :$bEd. Dehoniane,$c2004. 300 $aS. 1-24 ;$c22 cm 730 0 $aCristianesimo nella storia$g[Spogli].$0(OLS)http://pul/title/7312 773 0 $tCristianesimo nella storia$k25 (2004)$w()5012 996 $6245$aGeschichte und Glaube bei Origines und Augustinus$9(OLS)http://pul/title/128528 996 $6260$aBologna :$bEd. Dehoniane$9(OLS)http://pul/publisher/48282